OCTUBRE 2019. Contextos y responsabilidades políticas y sociales ... (1998–2019 y más…).
Guardat en:
| Autor principal: | |
|---|---|
| Format: | Llibre |
| Idioma: | anglès |
| Publicat: |
Valparaíso, Chile:
Ediciones Universitarias de Valparaíso; Pontificia Universidad Católica de Valparaíso,
2020.
|
| Col·lecció: | Arbitrada.
|
| Matèries: | |
| Etiquetes: |
Afegir etiqueta
Sense etiquetes, Sigues el primer a etiquetar aquest registre!
|
MARC
| LEADER | 00000nam a22000007a 4500 | ||
|---|---|---|---|
| 003 | CL-VaPUC | ||
| 005 | 20230913104526.0 | ||
| 008 | 201221t2020 ||||| |||| 00| 0 eng d | ||
| 999 | |c 432384 |d 432382 | ||
| 020 | |a 978-956-17-0855-6 | ||
| 040 | |c Pontificia Universidad Católica de Valparaíso | ||
| 082 | 0 | 4 | |a 303.484 CAV 2020 |
| 100 | |a Cavieres Figueroa, Eduardo Lincoyán |e autor |9 884614 | ||
| 245 | 1 | 0 | |a OCTUBRE 2019. |b Contextos y responsabilidades políticas y sociales ... (1998–2019 y más…). |
| 260 | |a Valparaíso, Chile: |b Ediciones Universitarias de Valparaíso; |b Pontificia Universidad Católica de Valparaíso, |c 2020. | ||
| 300 | |a 182 páginas. | ||
| 490 | 0 | |a Arbitrada. | |
| 500 | |a c.3 Donación Sr. Rector Nelson Vásquez Lara, julio 2022. c.FHP. Donación Fernando Vergara Biblioteca Budge. | ||
| 583 | |c 20201221 |k Valeria Valenzuela | ||
| 650 | 1 | 0 | |a Estallido social |9 859036 |y 2019 |z Chile |
| 651 | 0 | |9 254862 |a Chile |x Política y gobierno |y Siglo XXI | |
| 651 | 0 | |9 254862 |a Chile |x Condiciones sociales |y Siglo XXI | |
| 852 | |a BIBCUR | ||
| 942 | |2 ddc |c BK | ||
| 952 | |0 0 |1 0 |2 ddc |4 0 |6 303_484000000000000_CAV_2020 |7 0 |8 A |9 577301 |a BIBHIS |b BIBHIS |d 2020-12-28 |i 561998K |l 6 |o 303.484 CAV 2020 |p 561998K |r 2025-01-20 |s 2024-01-30 |t 1 |w 2020-12-28 |y BK |k HIS | ||
| 952 | |0 0 |1 0 |2 ddc |4 0 |6 303_484000000000000_CAV_2020 |7 0 |8 A |9 577302 |a BIBHIS |b BIBHIS |d 2020-12-28 |i 5619998 |o 303.484 CAV 2020 |p 5619998 |r 2025-01-20 |t 2 |w 2020-12-28 |y BK |k HIS | ||
| 952 | |0 0 |1 0 |2 ddc |4 0 |6 303_484000000000000_CAV_2020 |7 0 |8 A |9 586330 |a BIBHIS |b BIBHIS |c GEN |d 2022-08-22 |e Donación |i 5654315 |o 303.484 CAV 2020 |p 5654315 |r 2025-01-20 |t 3 |w 2022-08-22 |y BK |k HIS | ||
| 952 | |0 0 |1 0 |2 ddc |4 0 |6 303_484000000000000_CAV_2020 |7 0 |8 X |9 587503 |a FDOBUD |b FDOBUD |d 2022-11-02 |e Donación |i 5655409 |o 303.484 CAV 2020 |p 5655409 |r 2022-11-02 |w 2022-11-02 |y BK_X |k FHP | ||